Zwierzęta na zdjęciu #4 - Statystyki

Ogólne statystyki
  • Ten quiz został rozwiązany 124 razy
  • Średni wynik to 7 z 8
Statystyki odpowiedzi
Obrazkowy Odpowiedź % Poprawnych
Dzik euroazjatycki
98%
Świnia domowa
98%
Krokodyl nilowy
97%
Krowa domowa
96%
Zając szarak
95%
Kapibara wielka
88%
Ara szafirowa
86%
Jaguar amerykański
66%
Nie znaleziono quizów pasujących do podanych kryteriów
Rozkład punktacji
Procent ludzi z każdym wynikiem
Percentyl według liczby udzielonych odpowiedzi
Twoja historia wyników
Nie rozwiązałeś tego quizu